Ατμοσφαιρική ρύπανση με στοιχεία μετεωρολογίας

Αποθηκεύτηκε σε:
Λεπτομέρειες βιβλιογραφικής εγγραφής
Κύριος συγγραφέας: Λαζαρίδης, Μιχάλης
Μορφή: Βιβλίο
Γλώσσα:Greek
Δημοσίευση: Αθήνα : Τζιόλας, c2005
Θέματα:
Ετικέτες: Προσθήκη ετικέτας
Δεν υπάρχουν, Καταχωρήστε ετικέτα πρώτοι!

MARC

LEADER 00000nam a2200000 i 4500
001 1/28491
008 130417s2005 gre d
020 |a 960-418-074-6 (hbk.) 
035 |l 10114205 
040 |a GR-MY-UA  |b gre  |e aacr 
041 0 |a gre 
082 0 |a 628.53  |2 (22) 
100 1 |a Λαζαρίδης, Μιχάλης. 
245 1 0 |a Ατμοσφαιρική ρύπανση με στοιχεία μετεωρολογίας /  |c Μιχάλης Λαζαρίδης 
260 |a Αθήνα :   |b Τζιόλας,   |c c2005 
300 |a 537 σ.;  |b πίν., σχέδια;  |c 25 εκ. 
504 |a Περιέχει βιβλιογραφικές παραπομπές και ευρετήριο 
650 0 0 |a Air  |x Pollution  |x Mathematical models. 
650 0 0 |a Air  |x Pollution  |x Meteorological aspects. 
650 0 0 |a Atmospheric chemistry. 
852 |a INST  |b CHIOS  |e 20130417  |h 628.53 ΛΑΖ  |p 005200035401  |q 005200035401  |t BK  |y 0 
901 |a BIBL2-2013-1 
909 |a Χ  |b 177889 
922 |a 2ΕΛΗ  |b 201211  |c ΤΑΚ/ΤΝΕΥ  |d ΙΩΑΝΝΙΔΟΥ 
970 |a ΣΠΕΝΤΖΑ  |b ΕΛΕΝΗ  |z 2013/04/17